00183nam a22000857a 4500020001500000100001800015245002100033260003500054300000800089 a0439866685 aSarah Thomson aAmazing Gorillas aNew YorkbScholastic Incc2005 a32p